<?xml version="1.0" encoding="UTF-8"?><?xml-stylesheet type="text/xsl" href="static/style.xsl"?><OAI-PMH xmlns="http://www.openarchives.org/OAI/2.0/" xmlns:xsi="http://www.w3.org/2001/XMLSchema-instance" xsi:schemaLocation="http://www.openarchives.org/OAI/2.0/ http://www.openarchives.org/OAI/2.0/OAI-PMH.xsd"><responseDate>2026-04-17T11:44:27Z</responseDate><request verb="GetRecord" identifier="oai:riubu.ubu.es:10259/7359" metadataPrefix="marc">https://riubu.ubu.es/oai/request</request><GetRecord><record><header><identifier>oai:riubu.ubu.es:10259/7359</identifier><datestamp>2023-02-02T01:05:17Z</datestamp><setSpec>com_10259_7355</setSpec><setSpec>com_10259_7353</setSpec><setSpec>com_10259_2604</setSpec><setSpec>col_10259_7356</setSpec></header><metadata><record xmlns="http://www.loc.gov/MARC21/slim" xmlns:doc="http://www.lyncode.com/xoai" xmlns:xsi="http://www.w3.org/2001/XMLSchema-instance" xmlns:dcterms="http://purl.org/dc/terms/" xsi:schemaLocation="http://www.loc.gov/MARC21/slim http://www.loc.gov/standards/marcxml/schema/MARC21slim.xsd">
<leader>00925njm 22002777a 4500</leader>
<datafield tag="042" ind1=" " ind2=" ">
<subfield code="a">dc</subfield>
</datafield>
<datafield tag="720" ind1=" " ind2=" ">
<subfield code="a">Iglesias Rouco, Lena Saladina</subfield>
<subfield code="e">author</subfield>
</datafield>
<datafield tag="720" ind1=" " ind2=" ">
<subfield code="a">Matesanz del Barrio, José</subfield>
<subfield code="e">author</subfield>
</datafield>
<datafield tag="260" ind1=" " ind2=" ">
<subfield code="c">2022-07</subfield>
</datafield>
<datafield tag="520" ind1=" " ind2=" ">
<subfield code="a">Desde el siglo XVI, el Arzobispado y Cabildo de Burgos alimentaron el propósito de levantar una&#xd;
nueva sacristía en correspondencia con la solemnidad del culto que se celebraba en la Catedral.&#xd;
A pesar de los distintos intentos, solo se alcanza tal objetivo de forma definitiva ya avanzado el&#xd;
siglo XVIII. Entonces, el prestigioso maestro jerónimo fray Antonio de San José Pontones elaboró un proyecto que se ha localizado recientemente. Y, aunque tampoco se llevó a cabo, resulta un&#xd;
interesante testimonio del universo en el que se movía la Seo burgalesa en el contexto del último&#xd;
barroco.</subfield>
</datafield>
<datafield tag="520" ind1=" " ind2=" ">
<subfield code="a">Since the 16th Century, the Archbishopric and the Town Council of Burgos intended to carry out&#xd;
a new vestry for the Cathedral in accordance to worship celebrations held back then. After several&#xd;
attempts, such goal was achieved only by the last decades of the 18th century. In this context,&#xd;
the prestigious Jerome master friar Antonio de San José Pontones developped a Project that has&#xd;
been recently brought to light. And even when the plan was never materialised, proved to be an&#xd;
important evidence of the atmosphere in which the Cathedral was building on those days, in the&#xd;
baroque sunset.</subfield>
</datafield>
<datafield tag="024" ind2=" " ind1="8">
<subfield code="a">2952-1084</subfield>
</datafield>
<datafield tag="024" ind2=" " ind1="8">
<subfield code="a">http://hdl.handle.net/10259/7359</subfield>
</datafield>
<datafield tag="024" ind2=" " ind1="8">
<subfield code="a">10.36443/sarmental.38</subfield>
</datafield>
<datafield tag="024" ind2=" " ind1="8">
<subfield code="a">2952-1084</subfield>
</datafield>
<datafield ind1=" " ind2=" " tag="653">
<subfield code="a">Arquitectura</subfield>
</datafield>
<datafield ind1=" " ind2=" " tag="653">
<subfield code="a">Catedral de Burgos</subfield>
</datafield>
<datafield ind1=" " ind2=" " tag="653">
<subfield code="a">Sacristía</subfield>
</datafield>
<datafield ind1=" " ind2=" " tag="653">
<subfield code="a">Barroco</subfield>
</datafield>
<datafield ind1=" " ind2=" " tag="653">
<subfield code="a">Fray Antonio de San José Pontones</subfield>
</datafield>
<datafield ind1=" " ind2=" " tag="653">
<subfield code="a">Architecture</subfield>
</datafield>
<datafield ind1=" " ind2=" " tag="653">
<subfield code="a">Cathedral of Burgos</subfield>
</datafield>
<datafield ind1=" " ind2=" " tag="653">
<subfield code="a">Vestry</subfield>
</datafield>
<datafield ind1=" " ind2=" " tag="653">
<subfield code="a">Sacristy</subfield>
</datafield>
<datafield ind1=" " ind2=" " tag="653">
<subfield code="a">Baroque</subfield>
</datafield>
<datafield tag="245" ind1="0" ind2="0">
<subfield code="a">En torno al proyecto de sacristía para la catedral de Burgos de Fray Antonio de San José Pontones. 1759</subfield>
</datafield>
</record></metadata></record></GetRecord></OAI-PMH>